000 00792nam a22002177a 4500
003 UA-OsUOA
001 57762
007 ta
008 20060903b un ||||| |||| 00| 0 ukr d
090 _a616.98(478.81)
_bО-93
942 _cBK
040 _aUA-OsUOA
_bukr
_cUA-OsUOA
_dUA-OsUOA
245 _aОцінка та можливості розширення універсального доступу до профілактики ВІЛ/СНІДу.
_cО.М.Балакірєва,Л.І.Андрущак, Т.І.Сосідко,А.Шикарашвілі
300 _a91 с.
955 _a1
041 _aukr
080 _a616.98(478.81)
260 _aК.
_bУкр.ін-т соц.дослідж.
_c2007
650 7 _a616.9 Інфекційні захворювання
_2UDC
999 _c343852
_d343852